LEADER 00407nam 2200169z- 450 001 9910773563903321 035 $a(WsH)locagge 035 $a(CKB)5490000000494086 035 $a(EXLCZ)995490000000494086 100 $a20230719c1996uuuu -u- - 101 0 $aeng 200 10$aNiger: Overview 517 $aNiger 906 $aBOOK 912 $a9910773563903321 996 $aNiger: Overview$93662289 997 $aUNINA LEADER 03432nam 2200649Ia 450 001 9910782080903321 005 20230912135749.0 010 $a1-282-86411-4 010 $a9786612864117 010 $a0-7735-7385-2 024 7 $a10.1515/9780773573857 035 $a(CKB)1000000000521375 035 $a(SSID)ssj0000281662 035 $a(PQKBManifestationID)11253970 035 $a(PQKBTitleCode)TC0000281662 035 $a(PQKBWorkID)10306137 035 $a(PQKB)11016899 035 $a(CaPaEBR)400826 035 $a(Au-PeEL)EBL3331283 035 $a(CaPaEBR)ebr10141956 035 $a(CaONFJC)MIL286411 035 $a(OCoLC)929121654 035 $a(VaAlCD)20.500.12592/61qd03 035 $a(schport)gibson_crkn/2009-12-01/1/400826 035 $a(MiAaPQ)EBC3331283 035 $a(DE-B1597)655890 035 $a(DE-B1597)9780773573857 035 $a(MiAaPQ)EBC3245496 035 $a(EXLCZ)991000000000521375 100 $a19940121d1994 uy 0 101 0 $aeng 135 $aurcn||||||||| 181 $ctxt 182 $cc 183 $acr 200 10$aMalaysian development$b[electronic resource] $ea retrospective /$fMartin Rudner 210 $aOttawa $cCarleton University Press$d1994 215 $axvi, 406 p. ;$d24 cm 300 $aBibliographic Level Mode of Issuance: Monograph 311 $a0-88629-221-2 311 $a0-88629-220-4 320 $aIncludes bibliographical references. 327 $tFront Matter -- $tTable of Contents -- $tPreface -- $tAcknowledgments -- $tMalaysian Currency Values -- $tIntroduction -- $tFinancial Policies in Post-War Malaya: The Fiscal and monetary Measures of Liberaiion and Reconstruction -- $tThe Malayan Post-War Rice Crisis: An Episode in Colonial Aqriculrural Policy -- $tAgricultural Policy and Peasant Social Transformation in Late Colonial Malaya -- $tThe Malayan Quandary Rural Development Policy Under The First and Second Five-Year Plans -- $tMalayan Rubber Policy Development and Anti Development During the 1950s? -- $tThe State and Peasant Innovation in Rural Development: The Case Of Malaysian Rubber -- $tDevelopment Policies and Patterns of Agrarian Dominance in The Malaysian Rubber Export Economy -- $tTrends in Malaysian Development Planning: Coals, Policies And Role Expansion -- $tChancing Planninc Perspectives of Agricultural Development in Malaysia -- $tAgricultural Planning and Development Performance in Malaysia -- $tColonial Education Policy and Manpower Underdevelopment in British Malaya -- $tEducation, Development and Chance in Malaysia -- $tLabour Policy and The Dilemmas of Trade Unionism in Post-War Malaya -- $tMalayan Labour in Transition: Labour Policy and, Trade Unionism, 1955-63 -- $tMalaysian Development in Retrospect and Prospect 330 $aA collection of articles provides sweeping insight into the history and dynamics of Malaysian economic, social and political development addressing such policy issues as the impact of agriculture, education and human resource development. 606 $aEconomic history 607 $aMalaysia$xEconomic policy 607 $aMalaysia$xEconomic conditions 615 0$aEconomic history. 676 $a338.9595 700 $aRudner$b Martin$01545801 801 0$bMiAaPQ 801 1$bMiAaPQ 801 2$bMiAaPQ 906 $aBOOK 912 $a9910782080903321 996 $aMalaysian development$93800899 997 $aUNINA